000
00326nam a2200133Ia 4500
005
20260328104302.0
008
260328s9999||||xx |||||||||||||| ||und||
100
_a
Kutschmar, Aribert
245
0
_a
Grundlagen der Baugestaltung /
_c
Aribert Kutschmar
260
_b
VEB
300
_a
112 p.
650
_a
HISTORIA
942
_c
BK
999
_c
10642
_d
10642